FC Augsburg 22/23 squad - Statistics

General Stats
  • This quiz has been taken 51 times
    12 since last reset
  • The average score is 19 of 33
Answer Stats
# Player % Correct
30 Niklas Dorsch
82%
1 Rafal Gikiewicz
82%
40 Tomas Koubek
82%
28 André Hahn
73%
10 Arne Maier
73%
20 Daniel Caligiuri
73%
13 Elvis Rexhbecaj
73%
9 Ermedin Demirović
73%
6 Jeffery Gouweleeuw
73%
2 Robert Gumny
73%
Coach Enrico Maaßen
64%
19 Felix Uduokhai
64%
3 Mads Pedersen
64%
11 Mergim Berisha
64%
4 Reece Oxford
64%
16 Rubén Vargas
64%
27 Arne Engels
55%
22 Iago
55%
14 Julian Baumgartlinger
55%
23 Maximilian Bauer
55%
8 Renato Veiga
55%
42 Aaron Zehnter
45%
39 Benjamin Leneis
45%
25 Daniel Klein
45%
38 David Čolina
45%
7 Dion Drena Beljo
45%
24 Fredrik Jensen
45%
48 Irvin Cardona
45%
45 Kelvin Yeboah
45%
34 Nathanaël Mbuku
45%
5 Tobias Strobl
45%
43 Mert Kömür
36%
17 Noah Joel Sarenren Bazee
36%
No matching quizzes found
Score Distribution
Percent of People with Each Score
Percentile by Number Answered
Your Score History
You have not taken this quiz since the last reset